00183nam a2200073Ia 4500008004100000100001700041245002300058260002800081170817s9999 xx 000 0 und d aRishiswar. V 0aSanskrit Shikshaan bAgarwal Prakashan Agara